Sandokan e le tigri di Mompracem /

Main Author: Foscato, Jana
Other Authors: López, Duilio, 1959-, Salgari, Emilio, 1862-1911.
Language: Italian
Published: Genova ; Cideb, 2007
Edition: Prima edizione
Series: Imparare leggendo
Physical Description: 111 stran : barevné ilustrace ; 21 cm + 1 CD
Book
Saved in:
LEADER 02203nam a2200577 i 4500
001 001490643
003 CZ BrMZK
005 20151105090800.0
007 ta
008 151005s2007 it a g 000 f ita
020 |a 978-88-530-0489-5  |q (brožováno) 
040 |a BOA001  |b cze  |e rda 
044 |a it  |a xxk 
072 7 |a 821.131.1-3  |x Italská próza  |2 Konspekt  |9 25 
080 |a 821.131.1-31  |2 MRF 
080 |a 811.131.1  |2 MRF 
080 |a 028.4-028.31/.32  |2 MRF 
080 |a (0:82-311.3)  |2 MRF 
080 |a (0.046.6)  |2 MRF 
080 |a (07.063)81  |2 MRF 
080 |a (086.76)  |2 MRF 
100 1 |a Foscato, Jana  |7 mzk2015890948  |4 aut 
245 1 0 |a Sandokan e le tigri di Mompracem /  |c Emilio Salgari ; adattamento e attività di Jana Foscato ; illustrazioni di Duilio Lopez 
250 |a Prima edizione 
264 1 |a Genova ;  |a Londra :  |b Cideb,  |c 2007 
300 |a 111 stran :  |b barevné ilustrace ;  |c 21 cm +  |e 1 CD 
336 |a text  |b txt  |2 rdacontent 
336 |a mluvené slovo  |b spw  |2 rdacontent 
337 |a bez média  |b n  |2 rdamedia 
337 |a audio  |b s  |2 rdamedia 
338 |a svazek  |b nc  |2 rdacarrier 
338 |a audiodisk  |b sd  |2 rdacarrier 
490 1 |a Imparare leggendo 
500 |a Na obálce nad názvem: livello tre B2 
500 |a Terminologický slovník 
650 0 7 |a italština  |7 ph121249  |2 czenas 
650 0 7 |a zjednodušená četba  |7 ph656682  |2 czenas 
653 0 |a jazyková úroveň B2 
655 7 |a italské romány  |7 fd132481  |2 czenas 
655 7 |a dobrodružné romány  |7 fd132061  |2 czenas 
655 7 |a literární adaptace  |7 fd119387  |2 czenas 
655 7 |a jazykové učebnice, texty, příručky (B)  |7 fd600891  |2 czenas 
655 7 |a kompaktní desky  |7 fd201991  |2 czenas 
700 1 |a López, Duilio,  |d 1959-  |7 xx0196954  |4 ill 
700 1 2 |a Salgari, Emilio,  |d 1862-1911.  |t Tigri di Mompracem 
830 0 |a Imparare leggendo 
910 |a BOA001  |b 2-1353.827  |b CDR-1353.828 
990 |a BK 
991 |b 201511  |c NOV  |e b 
996 7 |b 2610646420  |c 2-1353.827  |l Cizojazyčná beletrie  |r ZHR  |n 5  |p kupz  |h LG (I)  |w 001525765  |u 000010  |a 0  |e BOA001  |j MZK50  |s A 
996 7 |b 2610646421  |c CDR-1353.828  |l Cizojazyčná beletrie  |r ZHR  |n 3  |p kupz  |h BI 10  |w 001525765  |u 000020  |a 0  |e BOA001  |j MZK50  |s A